000 00653nam a2200181 a 4500
001 000034880
005 20200930073948.0
008 111021s1968 ve 000 0 spa d
040 _aDO-SdBNP
_bspa
_cBNPHU
082 _a333.720987
_bE34e
100 1 _aEichler, Arturo
_960434
245 1 3 _aLa enseñanza de la conservación en Venezuela /
_cArturo Eichler.
260 _aVenezuela :
_bInstituto de Investigaciones Económicas
_bUniversidad de los Andes,
_c1968.
300 _a239 p. ;
_c24 cm.
650 4 _aConservación de los recursos naturales
_xEstudio y enseñanza
_zVenezuela
_960435
910 _aValidado. Control de calidad MFF
049 _aBNPD
999 _c34371
_d34371